10 Most Populous Cities In Angola - Statistics

General Stats
  • This quiz has been taken 11 times
  • The average score is 4 of 10
Answer Stats
Population Answer % Correct
6.76M Luanda
100%
601K Lubango
60%
550K Cabinda
50%
555K Benguela
40%
595K Huambo
40%
358K Lobito
20%
455K Malanje
20%
355K Kuito
10%
395K Saurimo
10%
323K Uige
10%
No matching quizzes found
Score Distribution
Percent of People with Each Score
Percentile by Number Answered
Your Score History
You have not taken this quiz